[Event "Espoo op"]
[Site "Espoo"]
[Date "1993.??.??"]
[Round "7"]
[White "Alava, Mikko"]
[Black "Sorri, Kari Juhani"]
[Result "1/2-1/2"]
[WhiteElo "2295"]
[BlackElo "2340"]

1.e4 c5 2.Nf3 d6 3.d4 cxd4 4.Nxd4 Nf6 5.Nc3 a6 6.Be3 Ng4 7.Bg5 h6 8.Bh4 g5
9.Bg3 Bg7 10.Qd2 Nc6 11.Nb3 Nge5 12.f3 Be6 13.Nd5 b5 14.Bf2 Rb8 15.Nd4 Nxd4
16.Bxd4 Bxd5 17.exd5 Qc7 18.h4 Qb7 19.hxg5 hxg5 20.Rxh8+ Bxh8 21.Qxg5 Bf6
22.Qg3 Qxd5 23.O-O-O Qxa2 24.f4 Ng6 25.Bxf6 exf6 26.f5 Qa1+ 27.Kd2 Qa5+ 28.Ke2 Ne7
29.Qxd6 Qb6 30.g4 Qb7 31.Qxf6 Qe4+ 32.Kf2 Qf4+ 33.Ke1 Qg3+ 34.Kd2 Rd8+ 35.Bd3 Qf4+
36.Ke1 Qe3+ 37.Kf1 Qf3+ 38.Ke1 Rd5 39.Qh8+ Kd7 40.Be2 Qg3+ 41.Kf1 Qf4+ 42.Ke1 Qg3+
43.Kf1 Qf4+  1/2-1/2

[Event "Eupen op"]
[Site "Eupen"]
[Date "1993.??.??"]
[Round "6"]
[White "Mainka, Romuald"]
[Black "Gallagher, Joseph G"]
[Result "1/2-1/2"]
[WhiteElo "2515"]
[BlackElo "2500"]

1.e4 c5 2.Nf3 d6 3.d4 cxd4 4.Nxd4 Nf6 5.Nc3 a6 6.Be3 Ng4 7.Bg5 h6 8.Bh4 g5
9.Bg3 Bg7 10.Be2 h5 11.Bxg4 hxg4 12.O-O Nc6 13.Nf5 Bxf5 14.exf5 Bxc3 15.bxc3 Ne5
16.c4 Qc7 17.Rb1 f6 18.c5 Qxc5 19.Rxb7 Kf7 20.Bxe5 Qxe5 21.h3 Qe4 22.Qb1 gxh3
23.Qb3+ d5 24.gxh3 g4 25.Rd1 Rad8 26.Rb4 Qe2 27.Qd3 Qxd3 28.Rxd3 gxh3 29.Kh2 Rc8
30.c3 Rh5 31.Rf3 Rg5 32.Rxh3 Rxf5 33.Rh7+  1/2-1/2

[Event "FIN-chT"]
[Site "FIN"]
[Date "1993.??.??"]
[Round "?"]
[White "Alava, Mikko"]
[Black "Nykopp, Jan Michael F"]
[Result "0-1"]
[WhiteElo "2295"]
[BlackElo "2235"]

1.e4 c5 2.Nf3 d6 3.d4 cxd4 4.Nxd4 Nf6 5.Nc3 a6 6.Be3 e5 7.Nb3 Be6 8.Be2 Be7
9.Qd2 O-O 10.f4 exf4 11.Bxf4 Nc6 12.O-O-O Ne5 13.Nd4 Qc7 14.Nf5 Bxf5 15.exf5 Rac8
16.g4 Qa5 17.Nd5 Qxd2+ 18.Rxd2 Nxd5 19.Rxd5 f6 20.Rhd1 Rc6 21.b3 Rfc8 22.R1d2 Kf8
23.a4 Rc5 24.Kb2 Rxd5 25.Rxd5 Rc6 26.Be3 Bd8 27.a5 Ke7 28.h3 Rc8 29.c3 Bc7
30.b4 g6 31.fxg6 hxg6 32.h4 Rh8 33.h5 Ke6 34.Rd2 gxh5 35.gxh5 d5 36.h6 Bd6
37.Bf1 Bf8 38.Rh2 Ng4 39.Bh3 f5 40.Bxg4 fxg4 41.Bd4 Rxh6 42.Re2+ Kd7 43.Re5 Rg6
44.Rxd5+ Kc6 45.Rf5 Bg7 46.Bg1 g3 47.Kc2 g2 48.c4 Kd7 49.Rf7+ Kc8 50.Kd3 Be5
51.Ke4 Bc3 52.Kf5 Rg8 53.b5 axb5 54.cxb5 Bxa5 55.Kf4 Rg6 56.Kf3  0-1

[Event "FIN-chT"]
[Site "FIN"]
[Date "1993.??.??"]
[Round "?"]
[White "Ristoja, Thomas W"]
[Black "Nykopp, Jan Michael F"]
[Result "1/2-1/2"]
[WhiteElo "2260"]
[BlackElo "2235"]

1.e4 c5 2.Nf3 d6 3.d4 cxd4 4.Nxd4 Nf6 5.Nc3 a6 6.Be3 e5 7.Nf3 Qc7 8.Be2 Be7
9.O-O O-O 10.a4 Be6 11.a5 Nbd7 12.Nd2 d5 13.exd5 Nxd5 14.Nxd5 Bxd5 15.c4 Bc6
16.Bf3 Bc5 17.Qe2 Bxf3 18.Qxf3 Bxe3 19.Qxe3 Rfd8 20.b4 Nf8 21.Rac1 Qd6 22.Nf3 Qxb4
23.Qxe5 Ng6 24.Qf5 h6 25.Qe4 Re8 26.Rb1 Qxa5 27.Qxb7  1/2-1/2

[Event "FIN-chT"]
[Site "FIN"]
[Date "1993.??.??"]
[Round "?"]
[White "Kauppinen, Martti"]
[Black "Natri, Antero"]
[Result "0-1"]
[WhiteElo "2230"]
[BlackElo "2250"]

1.e4 c5 2.Nf3 d6 3.d4 cxd4 4.Nxd4 Nf6 5.Nc3 a6 6.Be3 e5 7.Nb3 Be6 8.Qd2 Nbd7
9.f3 Rc8 10.g4 h6 11.O-O-O Qc7 12.Kb1 Nb6 13.h4 Nfd7 14.Rg1 Nc4 15.Bxc4 Bxc4
16.f4 Be7 17.g5 hxg5 18.hxg5 b5 19.Qf2 a5 20.Nd5 Bxd5 21.Rxd5 a4 22.Nc1 Qc4
23.fxe5 Nxe5 24.Bd4 Nf3 25.b3 Qc6 26.Qxf3 Qxc2+ 27.Ka1 Rh2 28.Qe3 Rd2 29.Bc3 Rxd5
30.exd5 Qxc3+ 31.Qxc3 Rxc3 32.Ne2 Rd3 33.Nf4 Rd4 34.Rg4 g6 35.Kb2 Bf8 36.bxa4 Bg7
37.Kc2 bxa4 38.Rh4 a3 39.Kb3 Be5 40.Ng2 Rd3+ 41.Kc2 Rxd5 42.Ne1 Bb2 43.Rg4 Rc5+
44.Kb3 Kd7 45.Rg3 Rb5+ 46.Kc4 Kc6 47.Nc2 Rc5+ 48.Kb3 Bc1 49.Nb4+ Kd7 50.Nd3 Rxg5
51.Rf3 Rg1 52.Rxf7+ Ke6 53.Rg7 Bd2 54.Nf2 Rg3+ 55.Kc2 Bh6 56.Rh7 Rg2 57.Rxh6 Rxf2+
58.Kb3 Rf3+ 59.Kb4 d5 60.Rxg6+ Ke5 61.Rg5+ Kd4 62.Rg4+ Kd3 63.Kxa3 Kc3 64.Ka4 d4  0-1

[Event "FRA"]
[Site "FRA"]
[Date "1993.??.??"]
[Round "?"]
[White "Schabanel, Stephane"]
[Black "Schall, Alain"]
[Result "1/2-1/2"]
[WhiteElo "2230"]
[BlackElo "2200"]

1.e4 c5 2.Nf3 d6 3.d4 cxd4 4.Nxd4 Nf6 5.Nc3 a6 6.Be3 e6 7.Be2 Be7 8.f4 Qc7
9.a4 b6 10.O-O Bb7 11.Bf3 Nbd7 12.Qe2 Rc8 13.g4 Nc5 14.Qg2 O-O 15.g5 Nfd7
16.Nde2 f5 17.Nd4 fxe4 18.Nxe4 e5 19.Nxc5 Bxf3 20.Rxf3 Nxc5 21.fxe5 dxe5
22.Rxf8+ Bxf8 23.Qd5+ Kh8 24.Nf3 Rd8 25.Qxe5 Bd6 26.Qc3 Qd7 27.Bxc5 Bxc5+
28.Kh1 Qh3 29.Ne5 Qxc3 30.bxc3 Rd2 31.Rc1 Kg8 32.Nf3 Rf2 33.Ne5 Be3 34.Rd1 Bxg5
35.Rd6 h5 36.Rxb6 Rxc2 37.Rxa6 Bf4 38.Nd3 Bxh2 39.Rg6 Rxc3 40.Kxh2 Rxd3 41.Rg5 Ra3
42.a5 h4  1/2-1/2

[Event "Peer Gynt"]
[Site "Gausdal"]
[Date "1993.??.??"]
[Round "6"]
[White "Varavin, Viktor"]
[Black "Rashkovsky, Nukhim N"]
[Result "1/2-1/2"]
[WhiteElo "2465"]
[BlackElo "2530"]

1.e4 c5 2.Nf3 d6 3.d4 cxd4 4.Nxd4 Nf6 5.Nc3 a6 6.Be3 e5 7.Nf3 Be7 8.Bc4 O-O
9.O-O Nc6 10.Bg5 Bg4 11.h3 Bh5 12.Bxf6 Bxf6 13.Nd5 Rc8 14.Be2 Bg6 15.Bd3 Ne7
16.Nxf6+  1/2-1/2

[Event "Troll Masters"]
[Site "Gausdal"]
[Date "1993.??.??"]
[Round "7"]
[White "Kotronias, Vasilios"]
[Black "King, Daniel J"]
[Result "1-0"]
[WhiteElo "2530"]
[BlackElo "2500"]

1.e4 c5 2.Nf3 d6 3.d4 cxd4 4.Nxd4 Nf6 5.Nc3 a6 6.Be3 Ng4 7.Bg5 h6 8.Bh4 g5
9.Bg3 Bg7 10.Be2 h5 11.h4 gxh4 12.Bxh4 Nc6 13.Nb3 Be6 14.Qd2 Qb6 15.Nd5 Bxd5
16.exd5 Nd4 17.Qxd4 Qxd4 18.Nxd4 Bxd4 19.O-O-O Be5 20.Rh3 Kd7 21.Rb3 Rab8
22.a4 Rhg8 23.Kb1 Bf6 24.Rh1 Bxh4 25.Rxh4 Nf6 26.g3 Nxd5 27.Bxh5 Nc7 28.Bxf7 Rg7
29.Bh5 b5 30.axb5 axb5 31.Be2 Rf8 32.f4 Kc8 33.Rh5 Rfg8 34.g4 e6 35.Bf3 Kd7
36.f5 Rg5 37.fxe6+ Kxe6 38.Re3+ Kd7 39.Be4 R8g7 40.Bf5+ Kc6 41.Rc3+ Kb7 42.Rxg5 Rxg5
43.Rh3 Kb6 44.Rh5 Rg7 45.Rh7 Rg8 46.Kc1  1-0

[Event "Troll Masters"]
[Site "Gausdal"]
[Date "1993.??.??"]
[Round "9"]
[White "Ernst, Thomas"]
[Black "Nordahl, Helge"]
[Result "1/2-1/2"]
[WhiteElo "2540"]
[BlackElo "2240"]

1.e4 c5 2.Nf3 d6 3.d4 cxd4 4.Nxd4 Nf6 5.Nc3 a6 6.Be3 e5 7.Nb3 Be6 8.f3 Nbd7
9.g4 h6 10.Qd2 b5 11.O-O-O Nb6 12.Kb1 Qc7 13.h4 Rd8 14.Bxb6 Qxb6 15.Nd5 Bxd5
16.exd5 Be7 17.Be2 Rc8 18.g5 Nh5 19.Bd3 g6 20.Qg2  1/2-1/2

[Event "GER CupT"]
[Site "Germany"]
[Date "1993.??.??"]
[Round "?"]
[White "Marxen, Peter"]
[Black "Joecks, Christian"]
[Result "0-1"]
[WhiteElo "2255"]
[BlackElo "2375"]

1.e4 c5 2.Nf3 d6 3.d4 cxd4 4.Nxd4 Nf6 5.Nc3 a6 6.Be3 e6 7.f3 Be7 8.Qd2 Nc6
9.O-O-O O-O 10.g4 Nxd4 11.Bxd4 Nd7 12.h4 b5 13.g5 b4 14.Ne2 a5 15.Be3 Ne5
16.Nd4 Bb7 17.Kb1 Rc8 18.Qg2 a4 19.h5 a3 20.g6 axb2 21.h6 fxg6 22.hxg7 Rf6
23.Rxh7 Kxh7 24.Qh3+ Kxg7 25.Nxe6+ Rxe6 26.Qxe6 Qc7 27.Rd2 Rh8 28.f4 Rh1
29.Rf2 Bxe4 30.Bd4 Rxf1+  0-1

[Event "BL2-N9293"]
[Site "Germany"]
[Date "1993.??.??"]
[Round "?"]
[White "Stockfleth, Ron"]
[Black "Steinert, Marc"]
[Result "0-1"]
[WhiteElo "2230"]
[BlackElo "2290"]

1.e4 c5 2.Nf3 d6 3.d4 cxd4 4.Nxd4 Nf6 5.Nc3 a6 6.Be3 e5 7.Nf3 Qc7 8.a4 Nbd7
9.a5 b5 10.axb6 Nxb6 11.Be2 Bb7 12.O-O Be7 13.Nd2 O-O 14.Bxb6 Qxb6 15.Nc4 Qc7
16.Qd3 Nxe4 17.Nxe4 d5 18.Nxe5 dxe4 19.Qd7 Qxe5 20.Qxb7 Rfb8 21.Qc6 Rc8 22.Qa4 a5
23.Rae1 f5 24.c3 Rab8 25.Qc2 a4 26.Qxa4 Rxb2 27.Bc4+ Kh8 28.Ba6 Rf8 29.Qc6 Bc5
30.c4 Rb6 31.Qa4 Ra8 32.Rd1 Bd6 33.g3 Rbxa6 34.Qd7 h6 35.Rd5 Qe7 36.Qxf5 Rf8
37.Qg6 Rf6 38.Qh5 e3 39.c5 exf2+ 40.Kg2 Qe4+ 41.Kh3 Qe6+ 42.Kg2 Qe4+ 43.Kh3 Bf8  0-1

[Event "Oberliga Nord N9293"]
[Site "Germany"]
[Date "1993.??.??"]
[Round "?"]
[White "Heinsohn, Wilfried"]
[Black "Siemers, Joerg"]
[Result "1-0"]
[WhiteElo "2210"]
[BlackElo "2205"]

1.e4 c5 2.Nf3 d6 3.d4 cxd4 4.Nxd4 Nf6 5.Nc3 a6 6.Be3 e6 7.a4 Qc7 8.Be2 Be7
9.O-O O-O 10.Kh1 Nc6 11.f4 Re8 12.Nb3 b6 13.Qe1 Bb7 14.Qf2 Bd8 15.Bf3 e5
16.Rad1 exf4 17.Bxf4 Ne5 18.Qg3 Be7 19.Nd4 Bf8 20.Nf5 Qc4 21.Be2 Qc7 22.Rxd6 Ng6
23.Rxf6 Nxf4 24.Nh6+ Kh8 25.Nxf7+ Kg8 26.R6xf4 Qc5 27.Rf5 Qb4 28.Bd3 g6 29.R5f3 Bg7
30.Qc7 Re7 31.Qc4 Qxb2 32.Nh6+ Kh8 33.Rf8+  1-0

[Event "NRW-Liga II 9293"]
[Site "Germany"]
[Date "1993.??.??"]
[Round "?"]
[White "Fink Nunn, Petra"]
[Black "Weber, Peter"]
[Result "0-1"]
[WhiteElo "2090"]
[BlackElo "2205"]

1.e4 c5 2.Nf3 d6 3.d4 cxd4 4.Nxd4 Nf6 5.Nc3 a6 6.Be3 e5 7.Nb3 Be6 8.Qd2 b5
9.f3 Nbd7 10.g4 Rc8 11.g5 Nh5 12.a4 b4 13.Nd5 Bxd5 14.exd5 a5 15.Bb5 Be7
16.Bxd7+ Qxd7 17.Nxa5 Qf5 18.Nc6 Qxf3 19.Rf1 Qe4 20.O-O-O b3 21.cxb3 f5 22.gxf6 Nxf6
23.Qd3 Qxd3 24.Rxd3 Nxd5 25.Rxd5 Rxc6+ 26.Kd2 Kd7 27.Rc1 Rxc1 28.Kxc1 Rb8
29.Kc2 Ke6 30.Ra5 d5 31.Ra6+ Kf5 32.Rb6 Rc8+ 33.Kd3 d4 34.Bf2 e4+ 35.Ke2 d3+
36.Ke1 Bg5 37.Rb5+ Kg4 38.h3+ Kf3 39.Rf5+ Bf4 40.Bc5  0-1

[Event "BL2-W9293"]
[Site "Germany"]
[Date "1993.??.??"]
[Round "?"]
[White "Gallinnis, Norbert"]
[Black "Roski, Ferdinand"]
[Result "0-1"]
[WhiteElo "2265"]
[BlackElo "2315"]

1.e4 c5 2.Nf3 d6 3.d4 cxd4 4.Nxd4 a6 5.Nc3 Nf6 6.Be3 e6 7.Qd2 Be7 8.f3 b5
9.g4 Bb7 10.a4 b4 11.Nd1 d5 12.e5 Nfd7 13.f4 Nc5 14.Nf2 Nbd7 15.g5 Rc8 16.Be2 Nb6
17.b3 Ne4 18.Nxe4 dxe4 19.O-O-O Rc3 20.Rhe1 O-O 21.Bg4 Bd5 22.Ne2 Nxa4 23.bxa4 Qa5
24.Kb2 Qxa4 25.Nc1 Rfc8 26.Re2 b3 27.cxb3 Rxb3+ 28.Nxb3 Qxb3+ 29.Ka1 Qa3+
30.Kb1 Rb8+ 31.Qb2 Qa2+ 32.Kc1 Ba3  0-1

[Event "GRE-ch"]
[Site "GRE"]
[Date "1993.??.??"]
[Round "8"]
[White "Kotronias, Vasilios"]
[Black "Kofidis, Andreas"]
[Result "1-0"]
[WhiteElo "2590"]
[BlackElo "2400"]

1.e4 c5 2.Nf3 d6 3.d4 cxd4 4.Nxd4 Nf6 5.Nc3 a6 6.Be3 e6 7.f4 Nbd7 8.Qf3 Qc7
9.Bd3 b5 10.a4 b4 11.Nce2 d5 12.e5 Ne4 13.Bxe4 dxe4 14.Qf2 Bb7 15.O-O-O Bd5
16.Kb1 Rc8 17.Nc1 Bc5 18.Rhe1 O-O 19.g4 g6 20.h4 Nb6 21.b3 Rfd8 22.h5 Rd7
23.Rd2 Rcd8 24.Red1 Bb7 25.hxg6 hxg6 26.Qh2 Nd5 27.Rh1 Nc3+ 28.Ka1 Kf8 29.Qh8+ Ke7
30.Qf6+ Ke8 31.Rh8+ Bf8 32.Nxe6  1-0

[Event "Groningen op"]
[Site "Groningen"]
[Date "1993.??.??"]
[Round "6"]
[White "Vehi Bach, Victor Manuel"]
[Black "Shneider, Aleksandr"]
[Result "0-1"]
[WhiteElo "2380"]
[BlackElo "2560"]

1.e4 c5 2.Nf3 d6 3.d4 cxd4 4.Nxd4 Nf6 5.Nc3 a6 6.Be3 e6 7.Be2 Qc7 8.f4 b5
9.Bf3 Bb7 10.e5 dxe5 11.Bxb7 exd4 12.Bxa8 dxe3 13.Qf3 Bb4 14.Qxe3 Nbd7 15.Bf3 Nb6
16.O-O-O Nc4 17.Qd3 Qxf4+ 18.Kb1 O-O 19.g3 Qc7 20.Ne4 Be7 21.Rhe1 Nd5 22.Nd2 Bf6
23.Nxc4 bxc4 24.Qa3 Nc3+ 25.bxc3 Rb8+ 26.Kc1 Bg5+ 27.Rd2 Rd8 28.Rd1 Rxd2
29.Kb1 Rxd1+ 30.Bxd1 Qd8  0-1

[Event "Groningen op"]
[Site "Groningen"]
[Date "1993.??.??"]
[Round "8"]
[White "Gofshtein, Leonid D"]
[Black "Petkevich, Jusefs"]
[Result "1-0"]
[WhiteElo "2540"]
[BlackElo "2445"]

1.e4 c5 2.Nf3 d6 3.d4 cxd4 4.Nxd4 Nf6 5.Nc3 a6 6.Be3 e5 7.Nb3 Be6 8.f4 exf4
9.Bxf4 Nc6 10.Qe2 Be7 11.h3 O-O 12.O-O-O Qc7 13.g4 Rfe8 14.g5 Nd7 15.h4 b5
16.h5 Nce5 17.Bh3 Nf8 18.Nd5 Qc4 19.Qxc4 bxc4 20.Nd4 Bxd5 21.exd5 g6 22.h6 f5
23.gxf6 Bxf6 24.Rdf1 Rab8 25.Rh2 Nf7 26.c3 Be5 27.Nc6 Rb7 28.Nxe5 dxe5 29.Be3 Nd6
30.Bc5 Ne4 31.Bxf8 Rxf8 32.Be6+ Rff7 33.Rxf7 Rxf7 34.b3 Kf8 35.Bxf7 Kxf7
36.bxc4 g5 37.Re2 Nc5 38.Kd2 Kf6 39.Ke3 g4 40.Rf2+ Kg5 41.Rf7 Kxh6 42.d6  1-0

[Event "Wichern op"]
[Site "Hamburg"]
[Date "1993.??.??"]
[Round "4"]
[White "Korneev, Oleg"]
[Black "Ftacnik, Lubomir"]
[Result "1/2-1/2"]
[WhiteElo "2475"]
[BlackElo "2535"]

1.e4 c5 2.Nf3 d6 3.d4 cxd4 4.Nxd4 Nf6 5.Nc3 a6 6.Be3 e6 7.f3 b5 8.g4 h6 9.Qd2 Nbd7
10.O-O-O Bb7 11.h4 b4 12.Nce2 d5 13.Bh3 Ne5 14.g5 Nc4 15.Qd3 Qa5 16.Kb1 hxg5
17.hxg5 Nxb2 18.Kxb2 dxe4 19.Qd2 Nd5 20.Nb3 Qa3+ 21.Ka1 exf3 22.Nf4 Rd8 23.g6 Rh6
24.gxf7+ Kxf7 25.Nxd5 Rxd5 26.Bxh6 Rxd2 27.Bxd2 Bd5 28.Bg4 Be7 29.Bc1 Bf6+
30.Kb1 Qa4 31.Rxd5 exd5 32.Bxf3 Qc6 33.Rd1 Qc3 34.Rd3 Qe5 35.Rxd5 Qg3 36.Be2 g5
37.Bxa6 g4 38.Rd7+ Kf8 39.Nd4 Qe5 40.Bd2 g3 41.Bxb4+ Kg8 42.Bb7 Qe3 43.c3 Bg5
44.Bd5+ Kh8 45.Kc2 g2 46.Nf3 Qe2+ 47.Kb3 Qd1+ 48.Kc4 Qe2+ 49.Kb3 Qd1+ 50.Kc4  1/2-1/2

[Event "Wichern op"]
[Site "Hamburg"]
[Date "1993.??.??"]
[Round "6"]
[White "Zieher, Hartmut"]
[Black "Kulaots, Kaido"]
[Result "0-1"]
[WhiteElo "2235"]
[BlackElo "2330"]

1.e4 c5 2.Nf3 d6 3.d4 cxd4 4.Nxd4 Nf6 5.Nc3 a6 6.Be3 e5 7.Nb3 Be6 8.Be2 Be7
9.f4 Qc7 10.Qd2 Nbd7 11.O-O-O Rc8 12.f5 Bc4 13.Bxc4 Qxc4 14.Qd3 b5 15.Qxc4 Rxc4
16.Nd2 Rc6 17.a3 O-O 18.h3 Rfc8 19.g4 h6 20.Rh2 a5 21.Nb3 a4 22.Nd5 Bd8 23.Na1 Nxe4
24.c3 Ndf6 25.Nc2 Nd7 26.Ncb4 Rc4 27.Bg1 Kf8 28.Kc2 Bg5 29.h4 Bd8 30.Ne3 R4c7
31.Ned5 Rb7 32.Re1 Nec5 33.Be3 Nb3 34.g5 h5 35.Kb1 Rc4 36.Rf1 Rb8 37.f6 g6
38.Ka2 Rbc8 39.Rg1 Re4 40.Rd1 Na5 41.Bg1 Nc4 42.Kb1 Nc5 43.Kc2 Rg4 44.Bf2 Ne4
45.Bg1 Ke8 46.Kc1 Kd7 47.Kc2 Ke6 48.Kc1 Ng3 49.Ne3 Nxe3 50.Bxe3 Nf5 51.Bf2 Rcc4
52.Nd5 Rce4 53.Rd2 Nxh4 54.Ne3 Rxe3 55.Bxe3 Nf3  0-1

[Event "Wichern op"]
[Site "Hamburg"]
[Date "1993.??.??"]
[Round "9"]
[White "Korneev, Oleg"]
[Black "Kovalev, Andrei"]
[Result "1-0"]
[WhiteElo "2475"]
[BlackElo "2545"]

1.e4 c5 2.Nf3 d6 3.d4 cxd4 4.Nxd4 Nf6 5.Nc3 a6 6.Be3 Nc6 7.f3 Nxd4 8.Qxd4 e5
9.Qd2 Be6 10.O-O-O Rc8 11.Kb1 Qa5 12.Nd5 Qxd2 13.Rxd2 Nxd5 14.exd5 Bd7 15.Bd3 Be7
16.c4 h6 17.Rc2 f5 18.Re1 Bh4 19.g3 Be7 20.b4 O-O 21.c5 Ba4 22.Rcc1 Bb5 23.Bxb5 axb5
24.Kb2 Rfd8 25.Red1 Kf7 26.Kb3 Rd7 27.c6 bxc6 28.Rxc6 Rb8 29.Rdc1 Bg5 30.Rc7 Rb7
31.Rxd7+ Rxd7 32.Bxg5 hxg5 33.a4 bxa4+ 34.Kxa4 Ra7+ 35.Kb5 Ra3 36.Kc6 Ke7
37.b5 Rxf3 38.b6 Rb3 39.b7 e4 40.Kc7 e3 41.b8=Q Rxb8 42.Kxb8 Kf6 43.Re1 f4
44.h4 gxh4 45.gxf4 Kf5 46.Kc7 Kxf4 47.Kxd6 Kf3 48.Ke5 Kf2 49.Ra1  1-0

[Event "Harkany op"]
[Site "Harkany"]
[Date "1993.??.??"]
[Round "1"]
[White "Tatar Kis, Szabolcs"]
[Black "Purtov, Andrei"]
[Result "1/2-1/2"]
[WhiteElo "2235"]
[BlackElo "2430"]

1.e4 c5 2.Nf3 d6 3.d4 cxd4 4.Nxd4 Nf6 5.Nc3 a6 6.Be3 e6 7.f4 b5 8.a3 Bb7
9.Bd3 Nbd7 10.Qf3 Rc8 11.O-O Nc5 12.Rae1 Be7 13.g4 g6 14.g5 Nfd7 15.Be2 O-O
16.h4 e5 17.Nb3 exf4 18.Qxf4 f6 19.Nxc5 Nxc5 20.Qg4 Rf7 21.Bf3 Rc7 22.Rd1 Bc8
23.Qg3 Be6 24.Bg4 Qc8 25.Bxe6 Qxe6 26.gxf6 Bf8 27.Qf4 Rc8 28.Bd4 Re8 29.Rfe1 h5
30.Bxc5 dxc5 31.e5 Kh7 32.Ne4 Bh6  1/2-1/2

[Event "Harkany op"]
[Site "Harkany"]
[Date "1993.??.??"]
[Round "8"]
[White "Szalanczy, Emil"]
[Black "Purtov, Andrei"]
[Result "1-0"]
[WhiteElo "2360"]
[BlackElo "2430"]

1.e4 c5 2.Nf3 d6 3.d4 cxd4 4.Nxd4 Nf6 5.Nc3 a6 6.Be3 e6 7.g4 e5 8.Nf5 g6
9.Bg2 gxf5 10.exf5 h6 11.Qe2 Rg8 12.h3 Qc7 13.O-O-O Bd7 14.f4 Bc6 15.fxe5 dxe5
16.Bb6 Qe7 17.Rd8+ Qxd8 18.Bxd8 Kxd8 19.Rd1+ Nfd7 20.Nd5 Be7 21.Nb6 Bxg2
22.Qxg2 Bg5+ 23.Kb1 Ke7 24.Qxb7 Rd8 25.Nxa8  1-0

[Event "HUN-chT2"]
[Site "HUN"]
[Date "1993.??.??"]
[Round "?"]
[White "Nagy, Zoltan"]
[Black "Bartha, Sandor"]
[Result "0-1"]
[WhiteElo "2285"]
[BlackElo "2280"]

1.e4 c5 2.Nf3 d6 3.d4 cxd4 4.Nxd4 Nf6 5.Nc3 a6 6.Be3 e6 7.f4 Qc7 8.Qf3 Be7
9.g4 Nc6 10.g5 Nd7 11.O-O-O O-O 12.Bd3 Nb4 13.Kb1 b5 14.h4 Nxd3 15.cxd3 b4
16.Nce2 Nc5 17.f5 e5 18.f6 exd4 19.fxe7 Qxe7 20.Nxd4 Be6 21.Nf5 Qd7 22.Bd4 Rfc8
23.b3 Bxf5 24.exf5 a5 25.g6 a4 26.gxh7+ Kh8 27.Rhg1 f6 28.Bxf6 gxf6 29.Rg8+ Rxg8
30.hxg8=Q+ Rxg8 31.d4 Nb7 32.Qf4 Qh7 33.Re1  0-1

[Event "HUN-chT2"]
[Site "HUN"]
[Date "1993.??.??"]
[Round "?"]
[White "Torok, Jozsef"]
[Black "Farkas, Tibor"]
[Result "1-0"]
[WhiteElo "2250"]
[BlackElo "2370"]

1.e4 c5 2.Nf3 d6 3.d4 cxd4 4.Nxd4 Nf6 5.Nc3 a6 6.Be3 e5 7.Nb3 Be6 8.Qd2 Be7
9.f3 Nbd7 10.g4 h6 11.O-O-O b5 12.Kb1 Nb6 13.Qf2 Nfd7 14.h4 Rc8 15.Nd5 Bxd5
16.exd5 Nc4 17.Bc1 Qb6 18.Qe1 b4 19.Bh3 a5 20.Rd3 Qc7 21.Qd1 Bxh4 22.f4 Be7
23.g5 hxg5 24.Bxd7+ Kxd7 25.Qg4+ Ke8 26.Rxh8+ Bf8 27.Rdh3 Na3+ 28.bxa3 Qxc2+
29.Ka1 f5 30.Qh5+ Ke7 31.fxe5 dxe5 32.Qg6  1-0

[Event "HUN-chT2"]
[Site "HUN"]
[Date "1993.??.??"]
[Round "?"]
[White "Farkas, Tibor"]
[Black "Bartha, Sandor"]
[Result "1/2-1/2"]
[WhiteElo "2370"]
[BlackElo "2280"]

1.e4 c5 2.Nf3 d6 3.d4 cxd4 4.Nxd4 Nf6 5.Nc3 a6 6.Be3 e6 7.f4 Qc7 8.Qf3 Be7
9.O-O-O O-O 10.g4 Nc6 11.g5 Nd7 12.h4 b5 13.Bh3 Nxd4 14.Rxd4 Bb7 15.g6 hxg6
16.h5 gxh5 17.Qxh5 Nf6 18.Qh4 Nxe4 19.Qh8+ Kxh8 20.Bf5+ Kg8 21.Bh7+  1/2-1/2

[Event "HUN-chT"]
[Site "HUN"]
[Date "1993.??.??"]
[Round "?"]
[White "Fogarasi, Tibor"]
[Black "Schneider, Attila"]
[Result "1-0"]
[WhiteElo "2395"]
[BlackElo "2355"]

1.e4 c5 2.Nf3 d6 3.d4 cxd4 4.Nxd4 Nf6 5.Nc3 a6 6.Be3 e6 7.Qd2 b5 8.f3 Be7
9.g4 h6 10.O-O-O Bb7 11.h4 Nfd7 12.Kb1 Nc6 13.Be2 Rc8 14.a3 Na5 15.g5 hxg5
16.hxg5 Rxh1 17.Rxh1 Ne5 18.b3 g6 19.Rh8+ Bf8 20.f4 Nec6 21.Bxb5 axb5 22.Ndxb5 Ke7
23.e5 Nb8 24.Nxd6  1-0

[Event "HUN-chT"]
[Site "HUN"]
[Date "1993.??.??"]
[Round "?"]
[White "Tolnai, Tibor"]
[Black "Szekely, Peter"]
[Result "1/2-1/2"]
[WhiteElo "2495"]
[BlackElo "2435"]

1.e4 c5 2.Nf3 d6 3.d4 cxd4 4.Nxd4 Nf6 5.Nc3 a6 6.Be3 Ng4 7.Bc1 Nf6 8.Bg5 e6
9.f4 Qb6 10.Nb3 Be7 11.Be2 Qc7 12.Bf3 h6 13.Bxf6 Bxf6 14.Qd3 Be7 15.O-O-O Nd7
16.h4 Nb6 17.g4 Bd7 18.Kb1 O-O  1/2-1/2

[Event "HUN-chT"]
[Site "HUN"]
[Date "1993.??.??"]
[Round "?"]
[White "Porubszky Angyalosine, Maria A"]
[Black "Bacso, Gabor"]
[Result "0-1"]
[WhiteElo "2175"]
[BlackElo "2230"]

1.e4 c5 2.Nf3 d6 3.d4 cxd4 4.Nxd4 Nf6 5.Nc3 a6 6.Be3 e5 7.Nb3 Be6 8.Qd2 Nbd7
9.f3 h5 10.O-O-O Rc8 11.Kb1 Be7 12.h3 b5 13.Be2 h4 14.a4 b4 15.Na2 a5 16.Bb5 O-O
17.Nac1 Qc7 18.Qf2 Rb8 19.Qxh4 Rxb5 20.axb5 a4 21.Na1 a3 22.Qe1 axb2 23.Kxb2 d5
24.exd5 Nxd5 25.Ncb3 N7b6 26.Bxb6 Qxb6 27.Rxd5 Bxd5 28.Qe2 Bf6 29.Kc1 Ra8
30.h4 Be6 31.g4 g6 32.h5 e4 33.hxg6 Bg5+ 34.Kd1 Rd8+ 35.Ke1 exf3 36.Qxf3 fxg6
37.Qe4 Bf7 38.Kf1  0-1

[Event "HUN-chT"]
[Site "HUN"]
[Date "1993.??.??"]
[Round "?"]
[White "Peter, Ambrus"]
[Black "Balazs, Tibor Jr"]
[Result "0-1"]
[WhiteElo "2295"]
[BlackElo "2240"]

1.e4 c5 2.Nf3 d6 3.d4 Nf6 4.Nc3 cxd4 5.Nxd4 a6 6.Be3 e6 7.f4 Qc7 8.Qf3 b5
9.a3 Bb7 10.Bd3 Nbd7 11.g4 Nc5 12.g5 Nfd7 13.h4 Nb6 14.Bd2 d5 15.e5 Nc4 16.O-O-O O-O-O
17.Rhe1 Ne4 18.Bxc4 Qxc4 19.Nb3 Nxc3 20.Qxc3 d4 21.Qg3 d3 22.Bc3 Bxa3 23.Rxd3 Rxd3
24.Qxd3 Qxd3 25.cxd3 Be7 26.Rg1 Bd5 27.Kc2 Kb8 28.Nd2 Rc8 29.Kd1 Bc5 30.d4 Be7
31.Ba5 Kb7 32.h5 b4 33.g6 hxg6 34.hxg6 f5 35.exf6 Bxf6 36.Bxb4 Bxd4 37.Rg5 Bxb2
38.f5 Bf6 39.Rh5 exf5 40.Rxf5 Be6 41.Rf4 Rd8 42.Ba5 Rd4 43.Re4 Bf5 44.Re3 Rd3
45.Re8 Bxg6 46.Re6 Rd5 47.Bb4 a5 48.Be7 Bf5 49.Re3 Rd3 50.Re1 Bc3 51.Bg5 Bb4
52.Re5 g6 53.Ke2 Rd6 54.Be3 Bg4+ 55.Ke1 Re6 56.Rxe6 Bxe6 57.Kf2 a4 58.Ne4 Kc6
59.Ng5 Bf5  0-1

[Event "HUN-chT"]
[Site "HUN"]
[Date "1993.??.??"]
[Round "?"]
[White "Feher, Gyula"]
[Black "Restas, Peter"]
[Result "0-1"]
[WhiteElo "2395"]
[BlackElo "2230"]

1.e4 c5 2.Nf3 d6 3.d4 cxd4 4.Nxd4 Nf6 5.Nc3 a6 6.Be3 e6 7.f4 Qc7 8.Qf3 b5
9.Bd3 b4 10.Nce2 Bb7 11.g4 d5 12.e5 Ne4 13.Ng3 Nc5 14.O-O Nbd7 15.Rae1 g6
16.Qf2 Be7 17.f5 Nxe5 18.fxe6 fxe6 19.Bf4 Nexd3 20.cxd3 Qd7 21.Be5 Rf8 22.Qe3 a5
23.Nge2 Ba6 24.Rxf8+ Bxf8 25.Nf4 Bh6 26.Qg3 Bxf4 27.Bxf4 Bxd3 28.Nxe6 Nxe6
29.Qxd3 Kf7 30.Be5 Ng5 31.Qg3 Kg8 32.h3 Rf8 33.Rf1 Qa7+ 34.Kg2 Rxf1 35.Kxf1 Ne4
36.Qf4 Qa6+ 37.Ke1 Qd3 38.Qc1 Nc5 39.Qxc5 Qe4+ 40.Kd2 Qxe5 41.Kc2 Qe2+ 42.Kb3 Qd1+  0-1

[Event "HUN-ch"]
[Site "HUN"]
[Date "1993.??.??"]
[Round "10"]
[White "Varga, Zoltan"]
[Black "Csom, Istvan"]
[Result "1-0"]
[WhiteElo "2475"]
[BlackElo "2475"]

1.e4 c5 2.Nf3 d6 3.d4 cxd4 4.Nxd4 Nf6 5.Nc3 a6 6.Be3 Nbd7 7.g4 Nc5 8.f3 g6
9.h4 h5 10.g5 Nfd7 11.b4 Ne6 12.Nxe6 fxe6 13.Bd4 Rh7 14.Bc4 Bg7 15.Bxg7 Rxg7
16.Bxe6 Ne5 17.Bb3 e6 18.f4 Qc7 19.Rh3 Qb6 20.Ne2 Ng4 21.Qd4 Qxd4 22.Nxd4 e5
23.fxe5 Nxe5 24.Rc3 Bg4 25.Kd2 Rc8 26.Rxc8+ Bxc8 27.Rf1 Ng4 28.a4 Re7 29.Bd5 Rc7
30.a5 Re7 31.b5 Rc7 32.c3 Rg7 33.bxa6 bxa6 34.Rb1 Rc7 35.Rb6 Ke7 36.Nc6+ Ke8
37.Nb4 Ne5 38.Rxd6 Nf3+ 39.Kd3 Nxh4 40.Nxa6 Ke7 41.Rf6 Bxa6+ 42.Rxa6 Nf3
43.e5 Rd7 44.Re6+ Kd8 45.c4 h4 46.Ke3  1-0

[Event "ISL-ch"]
[Site "?"]
[Date "1993.??.??"]
[Round "4"]
[White "Thorhallsson, Throstur"]
[Black "Olafsson, Helgi"]
[Result "1-0"]
[WhiteElo "2440"]
[BlackElo "2530"]

1.e4 c5 2.Nf3 d6 3.d4 cxd4 4.Nxd4 Nf6 5.Nc3 a6 6.Be3 e5 7.Nf3 Qc7 8.a4 b6
9.Be2 h6 10.O-O Be7 11.Nd2 Be6 12.f4 exf4 13.Bxf4 Nbd7 14.Nf3 O-O 15.Nd4 Ne5
16.Kh1 Rfe8 17.Qe1 Ng6 18.Nxe6 fxe6 19.Be3 Ne5 20.Qg3 Nf7 21.Bd4 Ne5 22.Rf2 Qc6
23.Rf4 Nfd7 24.Raf1 Bg5 25.R4f2 Kh7 26.h4 Bf6 27.Qh3 Nc5 28.Bh5 Rf8 29.Bxe5 dxe5
30.Qg4 Nd7 31.Rf3 g5 32.Nd5 Bg7 33.Bf7 exd5 34.Bxd5 h5 35.Qxg5 Qh6 36.Qe7 Rad8
37.Rf7 Rxf7 38.Rxf7 Nf6 39.Rxg7+ Qxg7 40.Qxd8 Nxd5 41.Qxd5 Qf6 42.Qd7+ Kg6
43.Qh3 Qf4 44.Qe6+ Kg7 45.Qe7+ Kh6 46.Qg5+ Qxg5 47.hxg5+ Kxg5 48.g3 h4 49.Kg2 Kg4
50.gxh4 Kxh4 51.Kf3  1-0

[Event "Jyvaskyla op"]
[Site "Jyvaskyla"]
[Date "1993.??.??"]
[Round "2"]
[White "Sammalvuo, Tapani"]
[Black "Pohla, Harry"]
[Result "1-0"]
[WhiteElo "2270"]
[BlackElo "2340"]

1.e4 c5 2.Nf3 d6 3.d4 cxd4 4.Nxd4 Nf6 5.Nc3 a6 6.Be3 e6 7.f3 b5 8.Qd2 Bb7
9.O-O-O Nbd7 10.g4 Nb6 11.Bd3 Rc8 12.Nce2 Nfd7 13.Ng3 Be7 14.Kb1 Ne5 15.h4 Nec4
16.Bxc4 Nxc4 17.Qe2 Nxe3 18.Qxe3 O-O 19.g5 Re8 20.Rh2 Bf8 21.h5 Qb6 22.g6 fxg6
23.hxg6 h6 24.Qf4 Qc7 25.Qg4 Qe7 26.f4 Rc4 27.f5 exf5 28.Ndxf5 Qe5 29.Qf3 Qe6
30.Rh4 Qxg6 31.Nxh6+ gxh6 32.Rg4 Qg5 33.Qf5 Bxe4 34.Rxg5+ hxg5 35.Qxg5+ Bg7
36.Nh5 Bxc2+ 37.Ka1 Rc7 38.Nf6+ Kf7 39.Nxe8 Kxe8 40.Re1+ Be5 41.Rc1  1-0